Introducción experimental al estudio de la química (Record no. 124352)

MARC details
000 -LEADER
campo de control de longitud fija 00734nam a2200217 i 4500
001 - NÚMERO DE CONTROL
campo de control 124352
003 - IDENTIFICADOR DE NÚMERO DE CONTROL
campo de control ES-MaACL
007 - CAMPO FIJO DE DESCRIPCIÓN FÍSICA--INFORMACIÓN GENERAL
campo de control de longitud fija t|
008 - DATOS DE LONGITUD FIJA--INFORMACIÓN GENERAL
campo de control de longitud fija 070322n19201929sp ||||1| spa d
080 ## - NÚMERO DE LA CLASIFICACIÓN DECIMAL UNIVERSAL
Número de la Clasificación Decimal Universal 54
100 1# - ENTRADA PRINCIPAL--NOMBRE DE PERSONA
Nombre de persona Blochmann, R.
9 (RLIN) 29526
245 10 - MENCIÓN DEL TÍTULO
Título Introducción experimental al estudio de la química
Resto del título : aire, agua, luz y calor /
Mención de responsabilidad, etc. por R. Blochmann ; traducida de la quinta edición alemana por A. García Banús.
260 ## - PUBLICACIÓN, DISTRIBUCIÓN, ETC.
Lugar de publicación, distribución, etc. Barcelona :
Nombre del editor, distribuidor, etc. Labor,
Fecha de publicación, distribución, etc. [entre 1920-1929]
300 ## - DESCRIPCIÓN FÍSICA
Extensión 169 p. :
Otras características físicas il. ;
Dimensiones 17 cm.
490 1# - MENCIÓN DE SERIE
Mención de serie Colección Labor ;
Designación de volumen o secuencia 1
650 17 - PUNTO DE ACCESO ADICIONAL DE MATERIA--TÉRMINO DE MATERIA
Término de materia o nombre geográfico como elemento de entrada Química
Fuente del encabezamiento o término embne
9 (RLIN) 16625
700 1# - ENTRADA AGREGADA--NOMBRE PERSONAL
Nombre de persona García Banús, Antonio.
9 (RLIN) 54218
830 00 - PUNTO DE ACCESO ADICIONAL DE SERIE-TÍTULO UNIFORME
Título uniforme Colección Labor
Designación de volumen o secuencia 1
9 (RLIN) 184254
852 ## - LOCALIZACIÓN
Ubicación ES-MaACL
Número de control de estantería E-2552
Holdings
Estatus retirado Estado de pérdida Estado de daño No para préstamo Biblioteca de origen Biblioteca actual Ubicación en estantería Fecha de adquisición Fuente de adquisición Total de préstamos Signatura topográfica completa Código de barras Visto por última vez Precio de reemplazo Tipo de ítem Koha
        Biblioteca del Ateneo de Madrid Biblioteca del Ateneo de Madrid Depósito 2 17/01/2008     E-2552 1129552 23/02/2023 23/02/2023 Libro impreso